000 005030000a22001210004500
090 _aAs
_bSeriadas
100 1 _aLopez Matta, David
_923553
700 1 _aGonzález, Ranulfo
_992392
245 1 0 _aAnálisis de la dispersión y la abundancia de los estados larvales de Anopheles nuneztovari (Gabaldon) en estanques piscícolas del municipio de Buenaventura, Colombia
041 0 _aEspañol
942 _cARTICULO
773 1 _tBoletín del Museo de Entomología de la Universidad del Valle
_h1-2
_q73-84
_d1994
_g2
999 _c15732
_d15732